Object Oriented Programming C++ (Record no. 9)

MARC details
000 -LEADER
Fixed length control field 00462nam a2200181 4500
003 - CONTROL NUMBER IDENTIFIER
Control field SEACOMMC
005 - DATE AND TIME OF LATEST TRANSACTION
Control field 20251017120041.0
008 - FIXED-LENGTH DATA ELEMENTS--GENERAL INFORMATION
Fixed length control field 230930b |||||||| |||| 00| 0 eng d
020 ## - INTERNATIONAL STANDARD BOOK NUMBER / ISBN
Price 365.00
International Standard Book Number 978-8125925323
040 ## - CATALOGING SOURCE
Original cataloging agency SEACOMMC
082 ## - DEWEY DECIMAL CLASSIFICATION NUMBER
Classification number 005.117
Book Number K45
100 ## - MAIN ENTRY--PERSONAL NAME
Personal name Khurana, Rohit
245 ## - TITLE STATEMENT
Title Object Oriented Programming C++
Statement of responsibility Rohit Khurana
260 ## - IMPRINT
Place of publication Kolkata
Name of publisher Vikas
Date of publication 2009
650 ## - SUBJECT ADDED ENTRY--TOPICAL TERM
Topical term Computer Science Engineering
700 ## - ADDED ENTRY--PERSONAL NAME
Personal name Rohit
942 ## - ADDED ENTRY ELEMENTS (KOHA)
Koha item type Gifted/Donated Books
Holdings
Withdrawn status Lost status Source of classification Damaged status Not for loan Home library Current library Date acquired Total Checkouts Call number Date last seen Price effective from Koha item type
    Dewey Decimal Classification     SEACOM MANAGEMENT COLLEGE SEACOM MANAGEMENT COLLEGE 17/10/2025   005.117 K45 17/10/2025 17/10/2025 Gifted/Donated Books
© Seacom Engineering College, All rights reserved.    Powered by Koha